| 000 | 00754nam a2200241Ia 4500 | ||
|---|---|---|---|
| 008 | 191130s2007##################000#0#eng## | ||
| 020 | _a9781412910149 | ||
| 022 | _a2007922932 | ||
| 040 |
_aACL _cACL |
||
| 082 | _a306.42 PEA | ||
| 100 | _aFeatherstone, Mike | ||
| 245 |
_aConsumer culture and postmodernism _cMike Featherstone |
||
| 250 | _a2nd ed | ||
| 260 |
_aThousand Oaks, CA _bSAGE Publications _c2007 |
||
| 300 | _axxvii, 203 p. ; 24 cm | ||
| 500 | _aIncludes bibliographical references (p. [182]-197) and index | ||
| 650 | _aConsumers - History - 20th century | ||
| 650 | _aPopular culture - History - 20th century | ||
| 650 | _aPostmodernism | ||
| 990 | _a8a1ab9b7ac10000c69f23f1910e108d0 | ||
| 991 | _a198788 | ||
| 999 |
_c137781 _d137781 |
||